[Event "Beth Harmon Took the Red and Blue Pill"]
[Site "SchemingMind.com"]
[Date "2021.01.24"]
[Round "-"]
[White "kenneth m day"]
[Black "ramesse"]
[Result "0-1"]
[WhiteCountry "USA"]
[BlackCountry "SVK"]
[WhiteElo "1695"]
[WhiteRD "51"]
[BlackElo "2413"]
[BlackRD "151"]
[GameID "707323"]

1. e4 c5 2. d4 cxd4 3. c3 dxc3 4. Nxc3 Nc6 5. Nf3 d6 6. Bc4 e6 7. O-O Be7 8. Qe2 Bd7 9. Rd1 a6 10. a3 Qc7
11. Bf4 Ne5 12. Nxe5 dxe5 13. Bg3 Nf6 14. Rac1 O-O 15. Bb3 Qa5 16. Bh4 Rfd8 17. Qf3 Rac8 18. Rd2 Bc6 19. Rdc2 h6 20. Bg3 Rd4
21. Re2 Bxe4 22. Rxe4 Nxe4 23. Bc2 Nxc3 24. bxc3 Rxc3 25. Qe2 Rdc4 26. h3 Qxa3
0-1